| 000 | 00457nam a22001697a 4500 | ||
|---|---|---|---|
| 003 | NUST | ||
| 005 | 20260512125428.0 | ||
| 008 | 260512b ||||| |||| 00| 0 eng d | ||
| 020 | _a 978-1137456113 | ||
| 082 |
_a302.231 _bEVA |
||
| 100 |
_a L. Evans. _9134418 |
||
| 245 |
_aLocative Social Media: Place in the Digital Age / _c L. Evans. |
||
| 260 |
_bPalgrave Macmillan, _c2015. |
||
| 300 |
_a175 p ; _c25.6 cm |
||
| 563 | _aPaperback | ||
| 942 |
_2ddc _cBK |
||
| 999 |
_c617409 _d617409 |
||